Warhammer Fantasy - nazwy imperialnych prowincji - Statystyki

Ogólne statystyki
  • Ten quiz został rozwiązany 105 razy
  • Średni wynik to 7 z 13
Statystyki odpowiedzi
Odpowiedź % Poprawnych
Reikland
93%
Middenland
83%
Nordland
81%
Ostland
69%
Averland
66%
Wissenland
62%
Hochland
60%
Stirland
60%
Ostermark
45%
Talabekland
45%
Solland
34%
Kraina Zgromadzenia
31%
Westerland
16%
Nie znaleziono quizów pasujących do podanych kryteriów
Rozkład punktacji
Procent ludzi z każdym wynikiem
Percentyl według liczby udzielonych odpowiedzi
Twoja historia wyników
Nie rozwiązałeś tego quizu